000 00584nam a2200193Ia 4500
003 GCL
008 140319s9999 xx 000 0 ara d
040 _aGCL /
_cGCL
082 0 4 _a372.218
_bه ط
100 1 _aهدى محمد قناوى
245 1 0 _aالطفل ورياض الاطفال /
_cهدى محمد قناوى
260 _a[S.N] :
_bمكتبة الانجلوالمصرية ،
_c1993
300 _a313 ص
490 _a
650 0 4 _aالاطفال
650 0 4 _aرياض الاطفال
650 0 4 _aالالعاب الرياضية للاطفال
942 _2ddc
_cBK
999 _c31755
_d31755